| 000 | 00916nam a2200241 4500 | ||
|---|---|---|---|
| 001 | 84704 | ||
| 003 | BD-RjUL | ||
| 005 | 20250219130817.0 | ||
| 008 | 250219s1959 pk ||||| |||| 00| 0 eng d | ||
| 035 | _a(BD-RjUL)84704 | ||
| 040 |
_aBD-RjUL _beng _cBD-RjUL |
||
| 041 | _aurd | ||
| 082 |
_223 _a891.43915 _bRUS 1959 |
||
| 100 |
_a Rūmī , Jalāl al-Dīn _915038 |
||
| 245 | 1 | 0 |
_aتشبیہات رومی / Tashbīhāt-i Rūmī / _c عبدالحکیم ;; Abdul Hakimحکیم، خلیفہ عبدال (Author), Jalāl al-Dīn Rūmī / |
| 260 |
_aLahore : _bادارہ ثقافت اسلامیہ پاکستان , _c1959 |
||
| 300 |
_a605 p. ; _c23 cm |
||
| 490 | _aادارہ ثقافت اسلامیہ | ||
| 600 |
_aRūmī, Jalāl al-Dīn _d1207-1273 _915039 |
||
| 700 |
_aHakim, Abdul ;; حکیم، خلیفہ عبدال _915040 |
||
| 830 | _vادارہ ثقافت اسلامیہ پاکستان | ||
| 942 |
_2ddc _cBK |
||
| 999 |
_c84704 _d84704 |
||